Die innere geometrie der metrischen raume

Αποθηκεύτηκε σε:
Λεπτομέρειες βιβλιογραφικής εγγραφής
Κύριος συγγραφέας: Rinow, Willi
Μορφή: Βιβλίο
Γλώσσα:German
Δημοσίευση: Berlin : Springer-Verlag, 1961
Σειρά:Grundlehren der mathematischen Wissenschaften in Einzeldarstellungen mit besonderer Berucksichtigung der Anwendungsgebiete ; ; 105
Θέματα:
Ετικέτες: Προσθήκη ετικέτας
Δεν υπάρχουν, Καταχωρήστε ετικέτα πρώτοι!

MARC

LEADER 00000nam a2200000 i 4500
001 1/52017
008 980824s1961 ger d
035 |l 10044305 
040 |a GR-MY-UA  |b gre  |e aacr 
041 0 |a ger 
082 0 |a 516.37 
100 1 |a Rinow, Willi. 
245 1 4 |a Die innere geometrie der metrischen raume /  |c Willi Rinow 
260 |a Berlin :   |b Springer-Verlag,   |c 1961 
300 |a xv, 520 p.;  |c 24 cm. 
490 1 |a Grundlehren der mathematischen Wissenschaften in Einzeldarstellungen mit besonderer Berucksichtigung der Anwendungsgebiete  |v ; 105 
500 |a Includes bibliography 
650 0 0 |a Distance geometry. 
650 0 0 |a Geometry, Differential. 
830 0 |a Grundlehren der mathematischen Wissenschaften in Einzeldarstellungen mit besonderer Berucksichtigung der Anwendungsgebiete ;  |v ; 105 
852 |a INST  |b SAMOS  |e 19980824  |h 516.37 RIN  |p 005300009618  |q 005300009618  |t BK  |y 0 
901 |a BIBL-1998-2 
909 |a Σ  |b 041565 
922 |a 3ΕΛΗ  |b 199808  |c ΒΙΒΛΙΟΘΗΚΗ  |d ΚΩΣΤΑΡΑΚΗΣ